| Tag |
First Indicator |
Second Indicator |
Subfields |
| LEADER |
00000cam a2200000 4500 |
| 001 |
in00000038147 |
| 005 |
20151007080846.0 |
| 008 |
770609s1958 xx 00000 eng |
| 010 |
|
|
|a 58012932
|
| 035 |
|
|
|a (OCoLC)03029781
|
| 035 |
|
|
|9 AAF5494AM
|
| 040 |
|
|
|a DLC
|c OCP
|d TXA
|d UtOrBLW
|
| 049 |
|
|
|a TXAM
|c [302771]
|
| 050 |
0 |
0 |
|a BT846.2
|b .S5 1958
|
| 082 |
0 |
|
|a 237.4
|
| 092 |
|
|
|a 237.4
|b S596h
|
| 100 |
1 |
|
|a Simon, Ulrich E.
|
| 245 |
1 |
0 |
|a Heaven in the Christian tradition.
|
| 264 |
|
1 |
|a New York :
|b Harper,
|c [1958]
|
| 300 |
|
|
|a 310 pages :
|b ilus. ;
|c 22 cm.
|
| 336 |
|
|
|a text
|b txt
|2 rdacontent
|
| 337 |
|
|
|a unmediated
|b n
|2 rdamedia
|
| 338 |
|
|
|a volume
|b nc
|2 rdacarrier
|
| 650 |
|
0 |
|a Heaven.
|
| 999 |
|
|
|a MARS
|
| 999 |
f |
f |
|s bda5976e-b375-3835-a240-cb25bad77af5
|i ddc4c20d-2335-3ed2-94ab-b7c962fcdf65
|t 0
|
| 952 |
f |
f |
|p ric
|a Texas A&M University
|b Rellis Campus
|c Joint Library Facility
|d Remote Storage
|t 0
|e BT846.2 .S5 1958
|h Library of Congress classification
|i unmediated -- volume
|m A14800609110
|
| 998 |
f |
f |
|a BT846.2 .S5 1958
|t 0
|l Remote Storage
|